Normal view
MARC view
- Engergetic Material Engineering. MS-Thesis.
Entry Topical Term
001 - CONTROL NUMBER
- control field: 28353
003 - CONTROL NUMBER IDENTIFIER
- control field: NUST
005 - DATE AND TIME OF LATEST TRANSACTION
- control field: 20200208172018.0
008 - FIXED-LENGTH DATA ELEMENTS
- fixed length control field: 200208|| aca||aabn | a|a d
040 ## - CATALOGING SOURCE
- Original cataloging agency: NUST
- Transcribing agency: NUST
150 ## - HEADING--TOPICAL TERM
- Topical term or geographic name entry element: Engergetic Material Engineering. MS-Thesis.
670 ## - SOURCE DATA FOUND
- Source citation: Work cat.: (NUST): Ullah, Sharif 28352, Synthesis and Characterization of MgO Nanoparticles by Modified Sonochmeical Methods and their Catalytic Studies against Organphosphates and Peaticides , 2013.
